Historia de los triumphos de nuestra Santa fee / (Record no. 61542)

MARC details
000 -LEADER
fixed length control field 00986cam a2200241 4500
005 - DATE AND TIME OF LATEST TRANSACTION
control field 20150924114011.0
008 - FIXED-LENGTH DATA ELEMENTS--GENERAL INFORMATION
fixed length control field 150924b mx ||||| |||| 00| 0 spa d
020 ## - INTERNATIONAL STANDARD BOOK NUMBER
International Standard Book Number 9682318149
050 04 - LIBRARY OF CONGRESS CALL NUMBER
Classification number BX3712 .A1
Item number P47 1992
100 1# - MAIN ENTRY--PERSONAL NAME
Personal name Pérez de Ribas, Andrés,
Dates associated with a name [1576-1655]
245 10 - TITLE STATEMENT
Title Historia de los triumphos de nuestra Santa fee /
Statement of responsibility, etc Andrés Pérez de Ribas ; estudio introductorio, notas y apéndices de Ignacio Guzmán Betancourt.
250 ## - EDITION STATEMENT
Edition statement 1a. ed. facsimilar
260 ## - PUBLICATION, DISTRIBUTION, ETC. (IMPRINT)
Place of publication, distribution, etc México :
Name of publisher, distributor, etc Siglo Veintiuno Editores,
Date of publication, distribution, etc 1992.
300 ## - PHYSICAL DESCRIPTION
Extent p.v. ;
Dimensions 29 cm.
490 ## - SERIES STATEMENT
Series statement Los Once Ríos
500 ## - GENERAL NOTE
General note Nota : Edición facsimilar
504 ## - BIBLIOGRAPHY, ETC. NOTE
Bibliography, etc Incluye apéndice, glosario e índice
650 #7 - SUBJECT ADDED ENTRY--TOPICAL TERM
Source of heading or term LEMB
Topical term or geographic name as entry element Jesuitas en México
General subdivision Historia
Chronological subdivision Siglo XVII
650 #7 - SUBJECT ADDED ENTRY--TOPICAL TERM
Source of heading or term LEMB
Topical term or geographic name as entry element Misiones jesuitas
General subdivision Historia
Chronological subdivision Siglo XVII
Geographic subdivision México
650 #7 - SUBJECT ADDED ENTRY--TOPICAL TERM
Source of heading or term LEMB
Topical term or geographic name as entry element Indios de México
General subdivision Misiones
Chronological subdivision Siglo XVII
700 1# - ADDED ENTRY--PERSONAL NAME
Personal name Guzmán Betancourt, Ignacio,
Relator term est. introductorio, notas y apéndices
942 ## - ADDED ENTRY ELEMENTS (KOHA)
Source of classification or shelving scheme Biblioteca del Cogreso de los Estados Unidos
Koha item type Libro
Holdings
Estado de pérdida Fuente de clasificación Estado del daño No para préstamo Ubicación permanente Ubicación actual Apartado o colección Fecha de adquisición Área del conocimiento Clasificación Código de Barras Date last seen Número de copia Tipo de recurso Nota pública
  Biblioteca del Cogreso de los Estados Unidos     Biblioteca del Instituto de Investigaciones Históricas Biblioteca del Instituto de Investigaciones Históricas General 24/09/2015 Educación y Humanidades BX3712 .A1 P47 1992 IIH000015507 24/09/2015 C:1 Libro GENERAL